Statistics for SPFL Premiership

Click here to take the quiz!

General Stats

  • This quiz has been taken 70 times
    (67 since last reset)
  • The average score is 9 of 12

Answer Stats

HintAnswer% Correct
SPFL 1Celtic
98%
SPFL 1Aberdeen
97%
SPFL 1Rangers
97%
SPFL 1Dundee
93%
SPFL 1Heart of midlothian
90%
SPFL 1Hamilton academical
78%
SPFL 1Kilmarnock
74%
SPFL 1Motherwell
72%
SPFL 1St johnstone
71%
SPFL 1Inverness caledonian thitsle
69%
SPFL 1Ross county
59%
SPFL 1Partick thistle
48%

Score Distribution

Percentile by Number Answered

Percent of People with Each Score

Your Score History

You have not taken this quiz since the last reset